00727nam a2200157Ia 4500001000700000008004100007020001800048082001400066100003900080245021800119260003100337300001600368504002700384650006900411700008900480Z_6048220601s9999 xx 000 0 und d a968-463-121-9 a599.4 R66 aRomero Almaraz, María de Lourdes aMurciélagos benéficos y vampiros : características, importancia, rabia, control y conservación / María de Lourdes Romero Almaraz; coautor Álvaro Aguilar Sateín; coautor Cornelio Sánchez Hernández aMéxico : AGT Editor IMSS axxi, 213 p. aIncluye bibliografía a1. Murciélagos - México 2. Murciélagos - Hispanoamérica. aI. Aguilar-Setién, Álvaro, coaut. II. Sánchez-Hernández, Cornelio, coaut.Ì